000 00538nam a2200181 i 4500
001 86788
003 ES-MaACL
005 20250208063125.0
007 t|
008 041215s1921 sp ||||1| spa d
100 1 _aKipling, Rudyard,
_d1865-1936
_968087
245 1 0 _aKim /
_cRudyard Kipling ; traducción de Juan Izquierdo Croselles.
260 _aMadrid :
_bAtenea,
_c[1921]
300 _aXVI, 458 p. ;
_c16 cm.
700 1 _aIzquierdo Croselles, Juan.
_965723
852 _aES-MaACL
_jF-2731
999 _c86788
_d86788